| 000 | 00677nam a2200217Ia 4500 | ||
|---|---|---|---|
| 003 | OSt | ||
| 005 | 20251113144039.0 | ||
| 008 | 220923b |||||||| |||| 00| 0 fre d | ||
| 037 | _cTB | ||
| 040 |
_aARTS _cARTS _bfre |
||
| 041 |
_2fre _afre |
||
| 084 |
_aO122,3N24x 111K8 _qAL |
||
| 100 |
_aLaye, Camara _9851212 |
||
| 245 | 0 | _aDream of Africa tr from the French by James Kirkup | |
| 260 |
_aLondon, UK: _bWilliam Collins; _c1968. |
||
| 300 |
_a157p. _ccm. |
||
| 490 | _aAfrican writers in the fontana modern novels series | ||
| 650 |
_aENGLISH LITERATURE _9851213 |
||
| 942 |
_hO122,3N24x 111K8 _cTB _2CC _n0 |
||
| 999 |
_c411895 _d411895 |
||